000 00588 a2200205 4500
999 _c6815
_d6815
020 _axxx
050 0 0 _aF 215 DOL 1949
100 1 _aDollard, John,
_d1900-1980.
_eauthor
245 1 0 _aCaste and class in a southern town/
_cJohn Dollard ...
264 _aNew York :
_bDoubleday Anchor Books
_c1949
300 _a4 p.l., 502 p.
500 _aText
650 0 _aAfrican Americans
650 0 _aAfrican Americans
_xSocial conditions.
651 0 _aSouthern States
651 0 _aSouthern States
710 2 _aYale University.
942 _2lcc
_cBK
_h215
_iDOL
_kF